Roma: legado de un imperio
-д хадгалсан:
| Үндсэн зохиолч: | |
|---|---|
| Бусад зохиолчид: | |
| Формат: | Ном |
| Хэл сонгох: | испани |
| Хэвлэсэн: |
Barcelona
Folio
1989
|
| Цуврал: | Atlas culturales del mundo
|
| Нөхцлүүд: | |
| Шошгууд: |
Шошго нэмэх
Шошго байхгүй, Энэхүү баримтыг шошголох эхний хүн болох!
|
MARC
| LEADER | 00000nam a2200000 a 4500 | ||
|---|---|---|---|
| 001 | UCX3914 | ||
| 003 | CL-VaPUC | ||
| 008 | 920117e19890000SP |||||||||||||||||spa|d | ||
| 082 | 0 | 4 | |a 937 |b COR |2 21 |
| 100 | 0 | |a Cornell, Tim |e author |9 320114 | |
| 700 | |a Matthews, John Frederick |e autor |9 320115 | ||
| 245 | 1 | 0 | |a Roma: legado de un imperio |
| 300 | |a 240 p | ||
| 942 | |c BK | ||
| 945 | |d 19920117 00:00:00 | ||
| 260 | |a Barcelona |b Folio |c 1989 | ||
| 650 | 0 | |a Civilización |9 255823 | |
| 650 | 0 | |a Historia |9 255047 | |
| 650 | 7 | |a IMPERIO 30 AC-476 DC |2 CL-VaPUC |9 320116 | |
| 651 | 0 | |a Roma |9 255106 | |
| 583 | |a last modification |c 19920117 00:00:00 |k Rodrigo Vera | ||
| 490 | 0 | |a Atlas culturales del mundo | |
| 999 | |c 224532 |d 224530 | ||
| 952 | |0 0 |1 0 |4 0 |6 937_000000000000000_COR_1989 |7 0 |8 X |9 221229 |a BIBHIS |b BIBHIS |d 2019-11-15 |i 2900092 |o 937 COR 1989 |p 2900092 |r 2024-01-30 |w 2019-11-15 |y BK_X |k HIS | ||